Imatges dels castells del Montseny /
ISBN:
9788409244058
Descripción Física:
209 p. ; il. col. ; 22 x 25 cm.
Idioma:
Catalán
MARC
| LEADER | 00000nam a22000007a 4500 | ||
|---|---|---|---|
| 001 | 25141 | ||
| 008 | 220208b spa||||| |||| 00| 0 cat d | ||
| 017 | |a B 21018-2020 | ||
| 020 | |a 9788409244058 | ||
| 100 | 1 | |9 52478 |a Pagès, Mariano | |
| 245 | |a Imatges dels castells del Montseny / |c autor i editor: Mariano Pagès i d'Urso ; pròlegs: Jordi Tura i Masnou | ||
| 260 | |a Barcelona : |b Mariano Pagès ; |c 2020 | ||
| 300 | |a 209 p. ; |b il. col. ; |c 22 x 25 cm. | ||
| 650 | 0 | |9 52479 |a Castells |z Montseny | |
| 650 | 0 | |9 52480 |a Castells |v Fotografies | |
| 942 | |2 udc |c ARXIU |n 1 | ||
| 952 | |0 0 |1 0 |2 udc |4 0 |6 BIB413 |7 1 |9 60977 |a Arxiu |b Arxiu |d 2022-02-08 |o Bib-413 |p 25141 |r 2022-02-08 00:00:00 |w 2022-02-08 |y ARXIU | ||
| 999 | |c 81102 |d 81102 | ||